01309nam a2200301 i 4500003000900000005001700009007000300026008004100029020001500070040003000085082001900115100003600134245016800170264005100338300004000389336002700429337003400456338002800490500003400518590002700552710009400579710010300673710006700776910001400843942001400857952011900871999001700990DO-SdBNP20230906152209.0ta110413s2005 dr d 000 0 spa d a9586711021 aDO-SdBNPbspacBNPHUerda axxxxbU76p222 aUribe Schroeder, Richard93602710aProducción y comercio internacional del libro en centro América, República Dominicana y Cuba, 2003 : bdiagnóstico estadístico /cRichard Uribe Schroeder 1aSanto Domingo :bCERLALC,bUNESCObSIERc2005. a139 páginas bgráficos c28 cm. 2rdacontentatextobtxt 2rdamediaasin mediación bn 2rdacarrieravolumenbnc aIncluye gráficos y tablas.  aInventariado, 2023/ YL12aCentro Regional para el Fomento del Libro en América Latina y el Caribe (CERLAC)98407012aOrganización de las Naciones Unidas para la Educación, la Ciencia y la Cultura (UNESCO)98407112aServicio de Información Estadística Regional (SIER)984072 aYLockward 2ddccLBS1 00102ddc51708PDaBNPHUbBNPHUcCTd2022-10-07eEducartel0oxxxx U76pp2023-5683r2023-09-06w2023-09-06yLBS1 c54643d54643